| 000 | 00624nam a22001937a 4500 | ||
|---|---|---|---|
| 005 | 20140808124707.0 | ||
| 010 | _aENG-110260 | ||
| 020 |
_a9789381302750 _c795.00 |
||
| 035 | _aEN-93792 | ||
| 037 | _bDBAD/PUB | ||
| 082 | _a327.54 | ||
| 245 |
_aIndian foreign policy : _bchallenges & opportunities / _cedited by Shiv Bahadur Singh |
||
| 260 |
_aNew Delhi _bAxis Books _c2014 |
||
| 270 |
_a4378/4B, Basement, Ansari Road, Daryaganj _bNew Delhi _e110002 |
||
| 300 |
_a261p. _c22cm(Hb) |
||
| 500 | _aIncludes bibliographical references | ||
| 700 | _aShiv Bahadur Singh | ||
| 942 |
_2ddc _cEN _mIND _h327.54 |
||
| 999 |
_c85234 _d85234 |
||